| 000 | 00507nam a2200169Ia 4500 | ||
|---|---|---|---|
| 003 | IN-BaIIA | ||
| 008 | 211028s9999 xx 000 0 eng d | ||
| 020 | _a471-79168-7 | ||
| 040 | _cIIA Library | ||
| 080 |
_a517.928 _bSIL |
||
| 100 |
_aSiljak, Dragoslav D _96067 |
||
| 245 | 0 |
_aNonlinear systems _bthe parameter analysis and design _cDragoslav D. Siljak |
|
| 260 |
_aNew York _bWiley _c1969 |
||
| 300 | _axvii, 618p. | ||
| 650 |
_aNonlinear systems _95363 |
||
| 942 | _cBK | ||
| 999 |
_c3426 _d3426 |
||